000 00489nam a22001457a 4500
005 20250730145535.0
008 250730b |||||||| |||| 00| 0 eng d
050 _aTHE HF 5549. M67 2015
_bC.1
100 _aMOSIOMA, CHRISANTUS O.
245 _aEFFECTS OF COMPUTERIZED HUMAN RESOURCE INFORMATION SYSTEMS ON ORGANISATIONAL EFFICIENCY
_bA CASE STUDY OF KISII BOLLERS LIMITED
260 _aKISII
_bKSU
_c2015
300 _aIX, 23P., ILL:
500 _aINCLUDES REFERENCES
942 _2lcc
_cREF
999 _c215984
_d215984